| 000 | 01349nam a2200301Ia 4500 | ||
|---|---|---|---|
| 005 | 20211110134516.0 | ||
| 008 | 130821s2003 ck gr spa | ||
| 020 | _a9586837505 | ||
| 040 |
_aCo-BoUCM _bspa _c[Nuevo] _dHenry Ríos (modificó) |
||
| 041 | 0 | 0 | _aspa |
| 100 | 1 |
_aMartin, Gerard. _954735 |
|
| 245 | 1 | 0 |
_aBogotá anatomía de una transformación. Políticas de seguridad ciudadana 1995-2003 _cGerard Martin y Miguel Ceballos |
| 260 |
_aBogotá (Colombia) _bEditorial Pontificia Universidad Javeriana _c2003 |
||
| 300 | _a774 páginas | ||
| 650 | 4 |
_aConvivencia ciudadana _zBogotá (Colombia) _911948 |
|
| 650 | 4 |
_aSeguridad ciudadana _zBogotá (Colombia) _924088 |
|
| 650 | 4 |
_aSeguridad ciudadana _zBogotá (Colombia) _y1995-2003 _vProgramas _924088 |
|
| 650 | 4 |
_aVida en comunidad _zBogotá (Colombia) _926226 |
|
| 650 | 7 |
_aCriminología _zBogotá (Colombia) _912152 |
|
| 650 | 7 |
_aDesarrollo económico y social _931134 _zBogotá (Colombia) |
|
| 650 | 7 |
_aDesarrollo urbano _zBogotá (Colombia) _y1995-2003 _929913 |
|
| 650 | 7 |
_aViolencia _zBogotá (Colombia) _9422 |
|
| 650 | 0 | 4 |
_aPrevención del delito _zBogotá (Colombia) _922272 |
| 650 | 0 | 4 |
_aViolencia _xPrevención y control _zBogotá (Colombia) _9422 |
| 690 |
_aBienestar social _910081 |
||
| 942 |
_cLIBRO _a5 _e1 _mM379b _2DEWEY _h364.48614 |
||
| 999 |
_c45796 _d45796 |
||